|
|
|
|
| LEADER |
00000nab a2200000 a 4500 |
| 001 |
vtls000724565 |
| 003 |
SK-MaSNL |
| 005 |
20260305021517.0 |
| 008 |
140429c2000 xo 0 slo |
| 015 |
|
|
|a SNBRB2000/06-16791
|
| 035 |
|
|
|a CLN000076729
|
| 040 |
|
|
|a SNKBUCL
|b slo
|c SNKBUCL
|e AACR2
|
| 041 |
0 |
|
|a slo
|
| 044 |
|
|
|a xo
|c SK
|
| 080 |
|
|
|a 32-051
|2 1997
|
| 080 |
|
|
|a 52-051
|2 1997
|
| 080 |
|
|
|a 355.33
|2 1997
|
| 080 |
|
|
|a 929 Štefánik, Milan Rastislav
|2 1997
|
| 100 |
1 |
|
|a Ďurica, Milan S.,
|d 1925-2024
|4 aut
|9 93495
|
| 245 |
1 |
0 |
|a Hľadanie pravdy o Štefánikovi
|c Milan S. Ďurica
|
| 300 |
|
|
|b Obr.
|
| 600 |
1 |
7 |
|a Štefánik, Milan Rastislav,
|d 1880-1919
|2 snkbucl
|9 86219
|
| 655 |
|
7 |
|a články z novín a časopisov
|2 snkbucl
|9 267496
|
| 773 |
0 |
|
|t Parlamentný kuriér
|g Roč. 8, č. 72 (2000), s. 55-57
|x 1335-0307
|
| 850 |
|
|
|a Slovenská národná knižnica v Martine
|
| 852 |
|
|
|a SNK
|b KIS3GCP
|
| 958 |
|
|
|a SK
|
| 992 |
|
|
|a RBX
|
| 999 |
|
|
|c 3286530
|d 3288460
|